000
00211 a2200097 4500
001
27906
100
_a
Selby, S M
245
_a
Standard Mathematical Tables
260
_a
_b
C R C Press
_c
090
_c
18641
_d
18641
942
_a
NUST-CAE
_c
M
_c
9604
999
_c
262979
_d
262979